Vampires de fictions en images - Statistiques

Statistiques générales
  • Ce quiz a été pris 278 fois
  • Le résultat moyen est 4 sur 20
Statistiques - réponses
Par images Réponse % Correct
Dracula
96%
Damon Salvatore
70%
Draculaura
35%
Mavis
34%
Spike
24%
Dio Brando
19%
Alucard
12%
Morbius
11%
Marceline
10%
Vampirella
10%
Barnabas Collins
9%
Lestat de Lioncourt
9%
Yuki Cross
9%
Selene
5%
Yoko Tanaka
4%
Serana
3%
Deacon Frost
2%
Kululu Tepes
2%
Ernest
1%
Vamdemon
1%
Aucun quiz correspondant
Distribution des résultats
% des personnes avec chaque résultat
Percentile par nombre de réponses
Votre historique - résultats
Vous n’avez pas pris ce quiz